| Tag |
First Indicator |
Second Indicator |
Subfields |
| LEADER |
00000cam a22000001 4500 |
| 001 |
in00000038391 |
| 005 |
20151007081019.0 |
| 008 |
711012s1966 ohu b 00010 eng |
| 010 |
|
|
|a 66013389
|
| 035 |
|
|
|a (OCoLC)00387819
|
| 035 |
|
|
|9 AAF5743AM
|
| 040 |
|
|
|a DLC
|c DLC
|d TXA
|d UtOrBLW
|
| 049 |
|
|
|a TXAM
|c [424790]
|
| 050 |
0 |
0 |
|a BX8042.O3
|b A65
|
| 082 |
0 |
|
|a 284.1771
|
| 092 |
|
|
|a 284.1771
|b A328c
|
| 100 |
1 |
|
|a Allbeck, Willard Dow,
|d 1898-
|
| 245 |
1 |
2 |
|a A century of Lutherans in Ohio /
|c by Willard D. Allbeck.
|
| 264 |
|
1 |
|a [Yellow Springs, Ohio] :
|b Antioch Press,
|c 1966.
|
| 300 |
|
|
|a viii, 309 pages ;
|c 22 cm.
|
| 336 |
|
|
|a text
|b txt
|2 rdacontent
|
| 337 |
|
|
|a unmediated
|b n
|2 rdamedia
|
| 338 |
|
|
|a volume
|b nc
|2 rdacarrier
|
| 504 |
|
|
|a Bibliography: pages [299]-304.
|
| 650 |
2 |
0 |
|a Lutheran Church
|z Ohio.
|
| 999 |
|
|
|a MARS
|
| 999 |
f |
f |
|s 26e0b6c6-2166-32c3-ac34-42a2478de3f6
|i 927c8f5d-2680-36cc-9e3d-591b891822b9
|t 0
|
| 952 |
f |
f |
|p ric
|a Texas A&M University
|b Rellis Campus
|c Joint Library Facility
|d Remote Storage
|t 0
|e BX8042.O3 A65
|h Library of Congress classification
|i unmediated -- volume
|m A14800624259
|
| 998 |
f |
f |
|a BX8042.O3 A65
|t 0
|l Remote Storage
|